LEADER 00942nam a2200229 i 4500 001 000000179588 003 CaOOAMICUS 005 20211025105846.0 008 090518s2008 it u000 u ita u 013 $a157166 040 $aSeMil$bita 100 1 $aPadova, Giancarlo.$0(OLS)http://semarc/name/66570 245 10$aPadre Francesco Pianzola :$bprete in Lomellina /$cDon Giancarlo Padova. 264 1$aVigevano :$bE.O.R. Buona Stampa,$c2008. 300 $a111 p. :$briccamente ill. ;$c24 cm. 600 14$aPianzola, Francesco .$0(OLS)http://semarc/subject/16001 850 $aSeMil 852 $aSeMil$W1$xVenegono$y1$m3G V 159$j130350$B130350$CSeMilBibl$Z2$F142505 $81 961 $aOmaggio: Delpini mons. Mario 996 $6245$aPadre Francesco Pianzola :$bprete in Lomellina$9(OLS)http://semarc/title/257866 996 $6264$aVigevano :$bE.O.R. Buona Stampa$9(OLS)http://semarc/publisher/49538 LEADER 01157nam a2200241 i 4500 001 000000183925 003 CaOOAMICUS 005 20091209000000.0 008 091209s1982 be u000 u afa u 013 $a161895 040 $aSeMil$bita 100 1 $aColin, Gérard.$0(OLS)http://semarc/name/10126 245 10$a[Textus]. 300 $aVI, 95 p. 490 0 $aCorpus Scriptorum Christianorum Orientalium ;$v444. Scriptores Aethiopici ; 75 490 0 $aCorpus Scriptorum Christianorum Orientalium. Scriptores Aethiopici ;$v75 773 0 $aColin, Gérard$tVersion éthiopienne de la vie de Schenoudi.$dLovanii : In aedibus Peeters, 1982.$kCorpus Scriptorum Christianorum Orientalium. Scriptores Aethiopici$w()22597 830 0$aCorpus Scriptorum Christianorum Orientalium ;$v444. Scriptores Aethiopici ; 75.$0(OLS)http://semarc/title/77 830 0$aCorpus Scriptorum Christianorum Orientalium. Scriptores Aethiopici ;$v75.$0(OLS)http://semarc/title/20661 850 $aSeMil 852 $aSeMil$W1$xVenegono$y1$m2S III 444$j134621$B134621$CSeMilBibl$Z2$F146245 $81 961 $aOmaggio: Altro 996 $6245$a[Textus]$9(OLS)http://semarc/title/46827